000 01049nam0a22002531 4500
001 rc\442238
005 20260407101624.0
035 _a(NLR Aleph) 005688007
090 _a7145276
_c7145276
100 _a20030616d1988 |||y0rusy50 ca
101 0 _arus
102 _aRU
105 _ay |||||||||
200 1 _aСемантика и прагматика единиц языка в тексте
_eМежвуз. сб. науч. тр.
_fЛенингр. гос. пед. ин-т им. А.И. Герцена
_g[Редкол.: Н.О. Гучинская (отв. ред.) и др.]
210 _aЛ.
_cЛГПИ
_d1988
215 _a165, [2] с.
_d20
320 _aБиблиогр. в примеч. в конце ст.
702 1 _aГучинская
_bН.О.
_gНина Олеговна
_4340
712 0 2 _aЛенинградский педагогический институт им. А. И. Герцена
_3RU\NLR\AUTH\889929135
_9353792
801 0 _aRU
_bNLR
_gpsbo
801 1 _aRU
_bELAR
_2rusmarc
852 _aNLR
_j88-3/13047
942 _cBOOK
980 _aNB